[Event "14th EUR-ch"]
[Site "Minsk BLR"]
[Date "2017.06.05"]
[Round "6.78"]
[White "Mindlin, Alon"]
[Black "Donchenko, Alexander"]
[Result "0-1"]
[WhiteElo "2436"]
[BlackElo "2563"]
[EventDate "2017.05.30"]
[PlyCount "64"]

1.d4 d6 2.c4 e5 3.d5 f5 4.Nc3 Nf6 5.Nf3 Be7 6.g3 O-O 7.Bg2 a5 8.O-O Na6 9.
a3 Bd7 10.Rb1 Nc5 11.b4 axb4 12.axb4 Na4 13.Bd2 Qe8 14.Ng5 Nxc3 15.Bxc3 
Qg6 16.Nf3 f4 17.e3 fxg3 18.fxg3 Ng4 19.Qe2 Qh6 20.e4 Bg5 21.Rb3 Rf6 22.
Be1 Ra1 23.h4 Be3+ 24.Kh1 b5 25.c5 dxc5 26.bxc5 Bxc5 27.Bh3 Qg6 28.Kg2 h6 
29.Rc3 Bb6 30.h5 Qxh5 31.Nh4 Rxf1 32.Qxf1 Ra2+ 0-1

[Event "14th EUR-ch"]
[Site "Minsk BLR"]
[Date "2017.06.05"]
[Round "6.79"]
[White "Kriakvin, Dmitry"]
[Black "Molchanov, Oleksii"]
[Result "1-0"]
[WhiteElo "2560"]
[BlackElo "2334"]
[EventDate "2017.05.30"]
[PlyCount "63"]

1.c4 Nf6 2.Nf3 b6 3.g3 Bb7 4.Bg2 e6 5.O-O Be7 6.d4 O-O 7.Re1 a5 8.Bf4 Nh5 
9.Bd2 Nf6 10.Nc3 Ne4 11.d5 Nxd2 12.Qxd2 Bb4 13.a3 Bxc3 14.Qxc3 d6 15.Nd2 
exd5 16.cxd5 a4 17.e4 Nd7 18.Nc4 f6 19.Ne3 Nc5 20.Nf5 Qd7 21.Nd4 Qf7 22.f4
Bc8 23.f5 Qe7 24.Ne6 Bxe6 25.dxe6 Ra5 26.Rad1 Qe8 27.Rd4 Qh5 28.Bf3 Qg5 
29.e7 Re8 30.Qc4+ Kh8 31.Qf7 Raa8 32.e5 1-0

[Event "14th EUR-ch"]
[Site "Minsk BLR"]
[Date "2017.06.05"]
[Round "6.80"]
[White "Stathopoulos, Ioannis"]
[Black "Alexandrov, Alexei"]
[Result "0-1"]
[WhiteElo "2376"]
[BlackElo "2559"]
[EventDate "2017.05.30"]
[PlyCount "80"]

1.d4 Nf6 2.c4 e6 3.Nf3 d5 4.g3 Bb4+ 5.Bd2 Bd6 6.Nc3 O-O 7.Bg5 c6 8.e4 dxe4
9.Nxe4 Bb4+ 10.Nc3 c5 11.Bg2 Nc6 12.a3 Bxc3+ 13.bxc3 h6 14.Be3 Na5 15.Ne5 
Nd7 16.Qg4 f5 17.Qe2 Nxe5 18.dxe5 Qc7 19.O-O Bd7 20.Rfd1 Ba4 21.Rd6 Rae8 
22.Rb1 b6 23.Bf4 Nb7 24.Rd2 Rd8 25.g4 Rxd2 26.Bxd2 Nd8 27.gxf5 Bc2 28.Re1 
Bxf5 29.Kh1 Nf7 30.Bf4 Rd8 31.Rg1 Qd7 32.Be4 Bxe4+ 33.Qxe4 Qd3 34.Qg2 g5 
35.h4 Qxc4 36.Qf3 Rd3 37.Qa8+ Kg7 38.Rg4 Rh3+ 39.Kg2 Rxh4 40.Rxh4 gxh4 0-1

[Event "14th EUR-ch"]
[Site "Minsk BLR"]
[Date "2017.06.05"]
[Round "6.81"]
[White "Sturua, Zurab"]
[Black "Maliush, Andrei"]
[Result "1-0"]
[WhiteElo "2555"]
[BlackElo "2286"]
[EventDate "2017.05.30"]
[PlyCount "153"]

1.Nf3 Nf6 2.g3 g6 3.Bg2 Bg7 4.O-O O-O 5.d4 d6 6.b3 c5 7.Bb2 cxd4 8.Nxd4 a6
9.c4 Qc7 10.Nc3 Nc6 11.Nc2 Rb8 12.Nd5 Nxd5 13.Bxg7 Kxg7 14.cxd5 Ne5 15.Rc1
Qb6 16.Qd4 Qxd4 17.Nxd4 Nd7 18.Rc7 Re8 19.f4 Nb6 20.e4 Bd7 21.Rfc1 Rec8 
22.R1c2 Kf8 23.e5 Bf5 24.Nxf5 Rxc7 25.Rxc7 gxf5 26.exd6 exd6 27.Bf3 Nc8 
28.Bh5 Ne7 29.Rd7 Rc8 30.Rxd6 Rc1+ 31.Kg2 Rc2+ 32.Kh3 Rxa2 33.Rd8+ Kg7 34.
d6 Ng8 35.Rd7 Nh6 36.Rxb7 Rd2 37.d7 a5 38.Ra7 Kf6 39.Bf3 Ke7 40.Ra6 Ng4 
41.Bxg4 fxg4+ 42.Kxg4 Rxh2 43.Rxa5 Kxd7 44.Re5 Rh6 45.b4 Rg6+ 46.Kf3 Rb6 
47.b5 Rb8 48.Ke4 Rg8 49.Rd5+ Ke6 50.b6 Rxg3 51.f5+ Ke7 52.Rb5 Rg8 53.Kd5 
h5 54.b7 Rb8 55.Rb6 Kd7 56.Rf6 Ke7 57.Rb6 Kd7 58.Ke5 Kc7 59.Rf6 Re8+ 60.
Kf4 Rf8 61.Rh6 f6 62.Rh7+ Kb8 63.Ke4 Rd8 64.Rxh5 Kxb7 65.Rh7+ Kc6 66.Rf7 
Rd6 67.Kf3 Kd5 68.Kg4 Ra6 69.Kh5 Ke5 70.Kg6 Rb6 71.Re7+ Kf4 72.Re6 Rb8 73.
Ra6 Ke5 74.Ra5+ Kf4 75.Kxf6 Rb6+ 76.Kg7 Rb7+ 77.Kg6 1-0

[Event "14th EUR-ch"]
[Site "Minsk BLR"]
[Date "2017.06.05"]
[Round "6.82"]
[White "Charochkina, Daria"]
[Black "Kunin, Vitaly"]
[Result "0-1"]
[WhiteElo "2370"]
[BlackElo "2551"]
[EventDate "2017.05.30"]
[PlyCount "100"]

1.d4 Nf6 2.c4 e6 3.Nc3 Bb4 4.Qc2 O-O 5.a3 Bxc3+ 6.Qxc3 Ne4 7.Qc2 f5 8.Nh3 
d6 9.f3 Nf6 10.e3 e5 11.dxe5 dxe5 12.Be2 a5 13.Nf2 Nc6 14.O-O Qe7 15.Bd3 
Ne8 16.c5 Be6 17.Bd2 a4 18.Bb5 Bb3 19.Bc4+ Bxc4 20.Qxc4+ Qf7 21.Qb5 Nd8 
22.Bc3 c6 23.Qb4 Qe7 24.e4 f4 25.Nd3 Nf7 26.b3 Nf6 27.bxa4 h5 28.Rab1 Rfd8
29.Rfd1 Rd7 30.Nb2 Rad8 31.Rxd7 Rxd7 32.Nc4 g5 33.Be1 Qe6 34.Qb3 g4 35.Na5
Qxb3 36.Rxb3 Nd8 37.Bc3 Rd1+ 38.Kf2 h4 39.h3 g3+ 40.Ke2 Rg1 41.Bxe5 Rxg2+ 
42.Ke1 Nh5 43.Nxb7 Nf7 44.Bd4 Ng7 45.Nd6 Ne6 46.Rb8+ Kh7 47.Bf6 Rc2 48.Kf1
Neg5 49.Bxg5 g2+ 50.Kg1 Nxg5 0-1

[Event "14th EUR-ch"]
[Site "Minsk BLR"]
[Date "2017.06.05"]
[Round "6.83"]
[White "Shomoev, Anton"]
[Black "Davtyan, Artur"]
[Result "1/2-1/2"]
[WhiteElo "2550"]
[BlackElo "2216"]
[EventDate "2017.05.30"]
[PlyCount "128"]

1.e4 e5 2.Nf3 Nc6 3.Bb5 Nf6 4.d3 Bc5 5.c3 d6 6.O-O O-O 7.Re1 h6 8.h3 a6 9.
Bxc6 bxc6 10.d4 exd4 11.cxd4 Bb6 12.Nc3 Re8 13.Qc2 d5 14.e5 Ne4 15.Nxe4 
Bf5 16.Nf6+ Qxf6 17.Qc3 Qd8 18.Bf4 Re6 19.Rac1 Qe7 20.Kh2 a5 21.a4 Be4 22.
Nd2 Qb4 23.Nxe4 dxe4 24.Qxb4 axb4 25.Rc4 Rxa4 26.g4 g5 27.Bg3 Kg7 28.Rxe4 
Ba5 29.Kg2 Ra1 30.h4 Rd1 31.Kf3 Kf8 32.Re2 Ke8 33.Ke4 Kd7 34.b3 Bb6 35.
Rxb4 c5 36.dxc5 Bxc5 37.Rc4 Be7 38.hxg5 hxg5 39.Re3 Rb6 40.Kf5 c5 41.Ra4 
Rd5 42.Ra7+ Ke8 43.Ra4 Kd7 44.Rc4 Ke8 45.f3 Kd7 46.Ra4 Ke8 47.Rc3 Kf8 48.
Ke4 Rd2 49.f4 gxf4 50.Bxf4 Rb2 51.Rh3 Kg7 52.Kf5 R2xb3 53.Bh6+ Kg8 54.Rxb3
Rxb3 55.Ra7 Bh4 56.e6 Rf3+ 57.Ke4 Rf6 58.Ra8+ Kh7 59.exf7 Rxf7 60.Bf8 Be7 
61.Bxe7 Rxe7+ 62.Kd5 Rg7 63.Kxc5 Rg5+ 64.Kd6 Rxg4 1/2-1/2

[Event "14th EUR-ch"]
[Site "Minsk BLR"]
[Date "2017.06.05"]
[Round "6.84"]
[White "Blomqvist, Erik"]
[Black "Assaubaeva, Bibisara"]
[Result "1-0"]
[WhiteElo "2546"]
[BlackElo "2224"]
[EventDate "2017.05.30"]
[PlyCount "81"]

1.Nf3 d5 2.g3 Nf6 3.Bg2 c6 4.c4 Bg4 5.cxd5 cxd5 6.Ne5 Bf5 7.Nc3 Nbd7 8.Qa4
e6 9.g4 Bg6 10.h4 Bc2 11.Nxf7 Bxa4 12.Nxd8 Rxd8 13.Nxa4 Nxg4 14.Bh3 Ndf6 
15.f3 Ne5 16.Bxe6 d4 17.b3 b5 18.Nb2 d3 19.Nxd3 Nxd3+ 20.exd3 Bc5 21.Bb2 
Bd4 22.Bxd4 Rxd4 23.Rc1 Ke7 24.Bf5 g6 25.Be4 a5 26.Rg1 Rhd8 27.Rc2 a4 28.
Rg5 axb3 29.axb3 b4 30.Rb5 Nxe4 31.dxe4 Rd3 32.Ke2 Rxb3 33.Rb7+ Ke6 34.
Rxh7 Rb1 35.f4 b3 36.Rc6+ Rd6 37.f5+ Ke5 38.Re7+ Kf6 39.Rxd6+ Kxe7 40.Rxg6
b2 41.Rb6 1-0

[Event "14th EUR-ch"]
[Site "Minsk BLR"]
[Date "2017.06.05"]
[Round "6.85"]
[White "Tutisani, Noe"]
[Black "Danin, Alexandre"]
[Result "0-1"]
[WhiteElo "2347"]
[BlackElo "2543"]
[EventDate "2017.05.30"]
[PlyCount "106"]

1.e4 e6 2.d4 d5 3.Nc3 Nf6 4.Bg5 Be7 5.e5 Nfd7 6.h4 O-O 7.Qg4 f6 8.Nf3 Rf7 
9.Bd3 Nc6 10.Bg6 Rf8 11.Qxe6+ Kh8 12.Qxd5 Nb6 13.Qxd8 Bxd8 14.Be4 fxg5 15.
hxg5 Bf5 16.Nh4 Bxe4 17.Nxe4 Kg8 18.c3 Nc4 19.b3 Rf4 20.f3 Ne3 21.Ke2 Nd5 
22.g3 Rxe4+ 23.fxe4 Nxc3+ 24.Kd3 Nb5 25.Nf3 Be7 26.d5 Rf8 27.Raf1 Rxf3+ 
28.Rxf3 Nxe5+ 29.Ke3 Bc5+ 30.Kf4 Ng6+ 31.Kg4 Ne5+ 32.Kf4 Nxf3 33.Kxf3 Bd6 
34.a4 Nd4+ 35.Ke3 Be5 36.Rb1 Nc2+ 37.Kd3 Nb4+ 38.Kc4 a5 39.g4 g6 40.Rf1 
Kg7 41.Rf2 b6 42.Re2 h6 43.Kb5 h5 44.gxh5 gxh5 45.d6 Bxd6 46.e5 Bc5 47.e6 
c6+ 48.Kc4 Nd5 49.e7 Nxe7 50.Re6 Ng6 51.Kc3 h4 52.Rxc6 h3 53.Rc7+ Ne7 0-1

[Event "14th EUR-ch"]
[Site "Minsk BLR"]
[Date "2017.06.05"]
[Round "6.86"]
[White "Filipets, Egor"]
[Black "Kryvoruchko, Yuriy"]
[Result "1/2-1/2"]
[WhiteElo "2328"]
[BlackElo "2714"]
[EventDate "2017.05.30"]
[PlyCount "85"]

1.d4 Nf6 2.c4 e6 3.g3 d5 4.Bg2 dxc4 5.Qa4+ Nbd7 6.Qxc4 a6 7.Qc2 c5 8.Nf3 
b6 9.Ne5 Nd5 10.Nc6 Qc7 11.e4 Qxc6 12.exd5 exd5 13.O-O Nf6 14.Bg5 Ne4 15.
Re1 Be6 16.Rxe4 dxe4 17.Bxe4 Qc8 18.Bxa8 Qxa8 19.Nc3 Be7 20.Bxe7 Kxe7 21.
d5 Bxd5 22.Qd2 Be6 23.Qg5+ Kf8 24.Rd1 f6 25.Qf4 Kf7 26.Ne4 h6 27.f3 Rf8 
28.Qc7+ Kg8 29.Rd6 Bf5 30.Nd2 Qe8 31.Kf2 Qe5 32.Nc4 Qe8 33.Qxb6 Bb1 34.
Qxa6 Qe7 35.Re6 Qd7 36.Qd6 Qxd6 37.Nxd6 Bxa2 38.Re2 Rb8 39.Ne4 Rc8 40.b4 
Bc4 41.Rc2 cxb4 42.Nd6 Rc6 43.Nxc4 1/2-1/2

[Event "14th EUR-ch"]
[Site "Minsk BLR"]
[Date "2017.06.05"]
[Round "6.87"]
[White "Smirin, Ilia"]
[Black "Kharchenko, Boris"]
[Result "1/2-1/2"]
[WhiteElo "2676"]
[BlackElo "2468"]
[EventDate "2017.05.30"]
[PlyCount "63"]

1.e4 e5 2.Nf3 Nf6 3.Nxe5 d6 4.Nf3 Nxe4 5.d4 d5 6.Bd3 Nc6 7.O-O Be7 8.c4 
Nb4 9.Be2 O-O 10.Nc3 Bf5 11.a3 Nxc3 12.bxc3 Nc6 13.Re1 Re8 14.h3 h6 15.Be3
dxc4 16.Bxc4 Bd6 17.a4 Qf6 18.a5 Rad8 19.a6 b6 20.Bb5 Bd7 21.Qa4 Qg6 22.
Bd2 Rxe1+ 23.Rxe1 Nb8 24.Bxd7 Nxd7 25.c4 c6 26.Bb4 c5 27.Bc3 cxd4 28.Bxd4 
Nc5 29.Re8+ Rxe8 30.Qxe8+ Kh7 31.Bxc5 Bxc5 32.Nd2 1/2-1/2

[Event "14th EUR-ch"]
[Site "Minsk BLR"]
[Date "2017.06.05"]
[Round "6.88"]
[White "Safarli, Eltaj"]
[Black "Karttunen, Mika"]
[Result "1-0"]
[WhiteElo "2668"]
[BlackElo "2465"]
[EventDate "2017.05.30"]
[PlyCount "113"]

1.e4 c5 2.Nf3 Nc6 3.Bb5 Nf6 4.Nc3 Qc7 5.O-O a6 6.Bxc6 dxc6 7.h3 e5 8.d3 h6
9.a4 g5 10.Nd2 Be6 11.Nc4 a5 12.b3 Be7 13.Bb2 Bxc4 14.bxc4 O-O-O 15.Qf3 
Qd7 16.Nd1 Qe6 17.Ne3 h5 18.Qf5 Nd7 19.Bc3 b6 20.Rab1 Rdg8 21.g3 Bd8 22.
Kg2 Rh6 23.Rh1 Bc7 24.h4 g4 25.Qxe6 Rxe6 26.Rbf1 Reg6 27.f3 gxf3+ 28.Rxf3 
f6 29.Rhf1 Bd8 30.Kh2 Be7 31.Nf5 Bd8 32.Bd2 Kc7 33.c3 Nf8 34.d4 cxd4 35.
cxd4 Ne6 36.dxe5 fxe5 37.Bc3 Bf6 38.Nh6 Rxh6 39.Rxf6 Rxf6 40.Bxe5+ Kd7 41.
Rxf6 Rg4 42.Bf4 Nxf4 43.gxf4 Rxh4+ 44.Kg3 Rh1 45.e5 h4+ 46.Kg4 Rc1 47.Rd6+
Kc7 48.Rh6 Rxc4 49.Rh7+ Kd8 50.e6 b5 51.Kg5 bxa4 52.f5 Re4 53.Rd7+ Kc8 54.
Rd1 h3 55.Kf6 h2 56.e7 Kc7 57.Kf7 1-0

[Event "14th EUR-ch"]
[Site "Minsk BLR"]
[Date "2017.06.05"]
[Round "6.89"]
[White "Swiercz, Dariusz"]
[Black "Nguyen Thai Dai Van"]
[Result "1-0"]
[WhiteElo "2649"]
[BlackElo "2461"]
[EventDate "2017.05.30"]
[PlyCount "69"]

1.Nf3 Nf6 2.c4 e6 3.Nc3 Bb4 4.Qc2 O-O 5.a3 Bxc3 6.Qxc3 d6 7.b4 e5 8.e3 Nc6
9.Bb2 e4 10.Nd4 Ne5 11.Be2 b6 12.f4 exf3 13.gxf3 c5 14.Nb3 Bb7 15.Rf1 Re8 
16.O-O-O cxb4 17.axb4 Rc8 18.Kb1 Ba6 19.d3 b5 20.c5 Ned7 21.e4 dxc5 22.
bxc5 Qe7 23.Rc1 Rc7 24.Qa5 Nb8 25.Rg1 Rec8 26.d4 Nxe4 27.fxe4 Qxe4+ 28.Rc2
Bb7 29.d5 f6 30.Qc3 Nd7 31.c6 Ne5 32.Nc5 Qxd5 33.cxb7 Rxb7 34.Rd1 Qf7 35.
Nxb7 1-0

[Event "14th EUR-ch"]
[Site "Minsk BLR"]
[Date "2017.06.05"]
[Round "6.90"]
[White "Mazur, Stefan"]
[Black "Solak, Dragan"]
[Result "1/2-1/2"]
[WhiteElo "2459"]
[BlackElo "2641"]
[EventDate "2017.05.30"]
[PlyCount "183"]

1.e4 c5 2.Nf3 e6 3.d4 cxd4 4.Nxd4 a6 5.Bd3 Nf6 6.O-O Qc7 7.Nd2 d6 8.Kh1 g6
9.f4 Bg7 10.N2f3 O-O 11.Qe1 Nc6 12.Nxc6 Qxc6 13.f5 gxf5 14.exf5 e5 15.Qh4 
e4 16.Bh6 Bxh6 17.Qxh6 d5 18.Ne5 Qd6 19.Rf3 Qxe5 20.Rg3+ Qxg3 21.hxg3 Ne8 
22.Rf1 exd3 23.Rf4 Bxf5 24.Rxf5 f6 25.Rxd5 dxc2 26.Rd7 Rf7 27.Rxf7 Kxf7 
28.Qxh7+ Ke6 29.Qe4+ Kd7 30.Qf5+ Ke7 31.Qxc2 Nd6 32.g4 Rf8 33.Qg6 Rf7 34.
g5 fxg5 35.Qxg5+ Kd7 36.Qg4+ Kc6 37.Qe2 Kd5 38.Kg1 Rf6 39.Qd3+ Ke5 40.Qc3+
Ke6 41.Qd4 Rg6 42.g4 b5 43.Kg2 Ne8 44.Qe4+ Kf7 45.Qb7+ Kf8 46.Kf3 Ng7 47.
Kf4 Kg8 48.g5 Re6 49.Qc8+ Kf7 50.Qd7+ Kg6 51.Qd3+ Kf7 52.Kg4 Rg6 53.Qd7+ 
Kg8 54.Qc8+ Kf7 55.Qb7+ Kg8 56.Qd7 Kf8 57.Kf4 Re6 58.Qd5 Kf7 59.Qd3 Nh5+ 
60.Kg4 Ng7 61.Kf3 Ke7 62.g6 Kf6 63.Kg4 Re8 64.a4 bxa4 65.Qxa6+ Re6 66.Qxa4
Kxg6 67.b4 Ne8 68.b5 Nf6+ 69.Kf3 Nd7 70.Kf4 Rf6+ 71.Ke3 Re6+ 72.Kd2 Rd6+ 
73.Kc3 Kf7 74.Qf4+ Rf6 75.Qe4 Rb6 76.Kc4 Rf6 77.Kb4 Rb6 78.Ka5 Rf6 79.Qe3 
Kf8 80.Qh3 Ke8 81.Qh8+ Ke7 82.Qc8 Re6 83.Qg8 Rf6 84.Qg5 Ke8 85.Qg8+ Ke7 
86.Qh8 Re6 87.Qh4+ Ke8 88.Kb4 Rf6 89.Kc4 Nb6+ 90.Kd4 Nd7 91.Qh8+ Ke7 92.
Qg7+ 1/2-1/2

[Event "14th EUR-ch"]
[Site "Minsk BLR"]
[Date "2017.06.05"]
[Round "6.91"]
[White "Savchenko, Boris"]
[Black "Galliamova, Alisa"]
[Result "0-1"]
[WhiteElo "2634"]
[BlackElo "2456"]
[EventDate "2017.05.30"]
[PlyCount "110"]

1.e4 e5 2.Nf3 Nc6 3.Bb5 g6 4.d4 exd4 5.Bg5 Be7 6.Bxe7 Qxe7 7.O-O Nf6 8.Re1
O-O 9.Bxc6 dxc6 10.Qxd4 Bg4 11.Nbd2 c5 12.Qe3 Rfe8 13.h3 Bxf3 14.Nxf3 Rad8
15.e5 Nd5 16.Qb3 c6 17.a4 a5 18.Re4 Nb4 19.Rae1 Kg7 20.Kh2 Rd5 21.R1e2 h6 
22.Qe3 b6 23.Rh4 Rh8 24.g3 Rd1 25.Rd2 Rxd2 26.Qxd2 Qe6 27.c4 Qf5 28.Rf4 
Qd3 29.Qe1 Re8 30.h4 Qc2 31.Qe3 Nd3 32.Ne1 Nxe1 33.Qxe1 Qxb2 34.Re4 h5 35.
Kg2 Re6 36.Qe3 Qa1 37.Qe2 Qxa4 38.g4 hxg4 39.Qd2 Qb3 40.Rxg4 Rxe5 41.Rf4 
Qb1 42.Qc3 Qe1 43.Qf3 Re7 44.Rf6 Qe5 45.Rxc6 Re6 46.Rc8 Qe4 47.Rc7 Qxf3+ 
48.Kxf3 Rd6 49.Ke3 Rd4 50.Rc6 Rxh4 51.Rxb6 Rxc4 52.f4 a4 53.Ra6 Rb4 54.Rc6
Rb3+ 55.Ke4 f5+ 0-1

[Event "14th EUR-ch"]
[Site "Minsk BLR"]
[Date "2017.06.05"]
[Round "6.92"]
[White "Grinberg, Eyal"]
[Black "Blubaum, Matthias"]
[Result "0-1"]
[WhiteElo "2457"]
[BlackElo "2632"]
[EventDate "2017.05.30"]
[PlyCount "80"]

1.e4 c6 2.d4 d5 3.e5 Bf5 4.Nf3 e6 5.Be2 Ne7 6.O-O Ng6 7.Be3 Nd7 8.Nbd2 f6 
9.exf6 Qxf6 10.c4 Bd6 11.Qb3 Rb8 12.Ne5 Ngxe5 13.dxe5 Bxe5 14.Bxa7 Rc8 15.
Nf3 Bxb2 16.Qxb7 O-O 17.Rab1 Bxb1 18.Rxb1 Be5 19.Qxd7 Rc7 20.Nxe5 Qxe5 21.
Bd4 Qxd4 22.Qxc7 Qxf2+ 23.Kh1 Qxe2 24.h3 Qxa2 25.Re1 Qxc4 26.Rxe6 c5 27.
Rc6 Qc1+ 28.Kh2 c4 29.Rc5 Qg5 30.Qd6 Rd8 31.Qe6+ Kh8 32.Qe2 h6 33.Qf3 Qe5+
34.Kh1 Qd6 35.Qf2 Rb8 36.Qg1 Re8 37.Qf2 Qe5 38.Qf7 Ra8 39.g4 Ra1+ 40.Kg2 
Ra2+ 0-1

[Event "14th EUR-ch"]
[Site "Minsk BLR"]
[Date "2017.06.05"]
[Round "6.93"]
[White "Basso, Pier Luigi"]
[Black "Kobalia, Mikhail"]
[Result "0-1"]
[WhiteElo "2447"]
[BlackElo "2624"]
[EventDate "2017.05.30"]
[PlyCount "142"]

1.d4 d5 2.c4 c6 3.Nc3 dxc4 4.e3 b5 5.a4 b4 6.Ne4 Qd5 7.Ng3 Nf6 8.Be2 g6 9.
Nf3 Bg7 10.O-O O-O 11.Qc2 Ba6 12.Ne5 Nbd7 13.Nxc4 c5 14.e4 b3 15.Qb1 Qb7 
16.d5 Bxc4 17.Bxc4 Ne5 18.Be2 c4 19.Bd2 Rac8 20.Bc3 Nfd7 21.f4 Nd3 22.Bxg7
Kxg7 23.Bxd3 Qb6+ 24.Kh1 cxd3 25.Qxd3 Rc2 26.Ne2 Qb4 27.Rab1 Nc5 28.Qd4+ 
Qxd4 29.Nxd4 Rc4 30.Rbc1 Rxd4 31.Rxc5 Rxe4 32.Kg1 Rd8 33.a5 Rd4 34.Rc7 
R8xd5 35.Rxa7 Rd2 36.Rf2 Rc2 37.g4 Kf6 38.Rb7 Rxf2 39.Kxf2 Rd2+ 40.Kg3 
Rxb2 41.g5+ Ke6 42.Rb6+ Kd5 43.a6 Kc4 44.Rc6+ Kb5 45.a7 Ra2 46.Rc7 e6 47.
Kf3 Ra3 48.Rb7+ Kc4 49.Ke4 Kc3 50.Rc7+ Kd2 51.Rb7 Kc2 52.Rc7+ Kb1 53.Rxf7 
b2 54.Rxh7 Ka2 55.Rb7 Ra5 56.a8=Q Rxa8 57.Ke5 Ra5+ 58.Kf6 Rf5+ 59.Kxg6 
Rxf4 60.Kh5 b1=Q 61.Rxb1 Kxb1 62.h4 e5 63.g6 Rf1 64.g7 Rg1 65.Kh6 e4 66.
Kh7 e3 67.h5 e2 68.g8=Q Rxg8 69.Kxg8 e1=Q 70.h6 Qe6+ 71.Kg7 Qe5+ 0-1

[Event "14th EUR-ch"]
[Site "Minsk BLR"]
[Date "2017.06.05"]
[Round "6.94"]
[White "Asadli, Vugar"]
[Black "Parligras, Mircea-Emilian"]
[Result "1/2-1/2"]
[WhiteElo "2439"]
[BlackElo "2607"]
[EventDate "2017.05.30"]
[PlyCount "72"]

1.e4 c5 2.c3 d5 3.exd5 Qxd5 4.d4 g6 5.Nf3 Bg7 6.Na3 cxd4 7.Nb5 Na6 8.Nbxd4
Nf6 9.Bxa6 bxa6 10.O-O O-O 11.Re1 Re8 12.Bf4 Nh5 13.Be3 e5 14.Nb3 Qb5 15.
a4 Qb7 16.Nc5 Qxb2 17.Qd5 Rb8 18.Ng5 Rf8 19.Qc4 Nf4 20.h4 Qc2 21.Bxf4 exf4
22.Nxf7 Rxf7 23.Re8+ Bf8 24.Ne4 Rb1+ 25.Rxb1 Qxb1+ 26.Kh2 Bd7 27.Rd8 Bxa4 
28.Qxa4 Qb6 29.Qe8 Qb5 30.Qe6 Qf5 31.Qc4 f3 32.g3 Qb5 33.Nf6+ Kg7 34.Ne8+ 
Kg8 35.Nf6+ Kg7 36.Ne8+ Kg8 1/2-1/2

[Event "14th EUR-ch"]
[Site "Minsk BLR"]
[Date "2017.06.05"]
[Round "6.95"]
[White "Minko, Vladimir"]
[Black "Rozum, Ivan"]
[Result "0-1"]
[WhiteElo "2438"]
[BlackElo "2606"]
[EventDate "2017.05.30"]
[PlyCount "40"]

1.d4 Nf6 2.c4 e6 3.g3 c5 4.Nf3 cxd4 5.Nxd4 Qc7 6.b3 e5 7.Nf3 d5 8.cxd5 Bf5
9.Bb2 Bxb1 10.Qxb1 Bb4+ 11.Nd2 Bxd2+ 12.Kxd2 Qa5+ 13.Kc1 O-O 14.Bg2 Rc8+ 
15.Kd1 Nxd5 16.b4 Nxb4 17.Bxb7 Rc2 18.Bc3 Qb5 19.Bf3 N8c6 20.Qb3 e4 0-1

[Event "14th EUR-ch"]
[Site "Minsk BLR"]
[Date "2017.06.05"]
[Round "6.96"]
[White "Kjartansson, Gudmundur"]
[Black "Vocaturo, Daniele"]
[Result "0-1"]
[WhiteElo "2437"]
[BlackElo "2604"]
[EventDate "2017.05.30"]
[PlyCount "58"]

1.Nf3 c5 2.e4 d6 3.d4 cxd4 4.Nxd4 Nf6 5.Nc3 g6 6.Be3 Bg7 7.f3 O-O 8.Qd2 
Nc6 9.O-O-O d5 10.exd5 Nxd5 11.Nxc6 bxc6 12.Bd4 e5 13.Bc5 Re8 14.Nxd5 cxd5
15.Bb5 Be6 16.Bxe8 Qxe8 17.Ba3 Rc8 18.Kb1 Qa4 19.g4 d4 20.Qf2 Bc4 21.Rd3 
Bxd3 22.cxd3 Qb5 23.Rd1 Rc3 24.Bd6 Rxd3 25.Rxd3 Qxd3+ 26.Qc2 Qa6 27.Qc7 h6
28.a4 Qf1+ 29.Ka2 Qxf3 0-1

[Event "14th EUR-ch"]
[Site "Minsk BLR"]
[Date "2017.06.05"]
[Round "6.97"]
[White "Froewis, Georg"]
[Black "Bogdanovich, Stanislav"]
[Result "0-1"]
[WhiteElo "2432"]
[BlackElo "2596"]
[EventDate "2017.05.30"]
[PlyCount "100"]

1.Nf3 Nf6 2.c4 c5 3.Nc3 e6 4.e3 d5 5.d4 cxd4 6.exd4 Bb4 7.cxd5 Nxd5 8.Bd2 
O-O 9.Bd3 b6 10.O-O Bb7 11.Qe2 Nd7 12.Rad1 Bxc3 13.bxc3 Qc7 14.Qe4 N5f6 
15.Qe3 Ng4 16.Qf4 Qxf4 17.Bxf4 Rac8 18.Bb5 Rfd8 19.Nd2 Ndf6 20.Nb1 Nd5 21.
Bd2 Ngf6 22.Rfe1 Ne8 23.Bg5 f6 24.Bc1 Nxc3 25.Nxc3 Rxc3 26.Bd2 Rcc8 27.
Rxe6 Nc7 28.Bc4 Bd5 29.Rc6 Bxc4 30.Rxc4 Nb5 31.Rxc8 Rxc8 32.d5 Rc4 33.Be3 
Kf7 34.g3 Ke7 35.Bf4 Kd7 36.h4 Nc3 37.Rd2 Ra4 38.Rd3 Ne2+ 39.Kg2 Nxf4+ 40.
gxf4 Rxf4 41.Rg3 g6 42.h5 Kd6 43.hxg6 hxg6 44.Rxg6 Kxd5 45.Kg3 Ke5 46.Rg7 
Ra4 47.Re7+ Kd4 48.f4 Rxa2 49.Kg4 b5 50.Rb7 Kc4 0-1

[Event "14th EUR-ch"]
[Site "Minsk BLR"]
[Date "2017.06.05"]
[Round "6.98"]
[White "Korchmar, Vasiliy"]
[Black "Potkin, Vladimir"]
[Result "1/2-1/2"]
[WhiteElo "2422"]
[BlackElo "2588"]
[EventDate "2017.05.30"]
[PlyCount "53"]

1.d4 d5 2.Nf3 Nf6 3.Bf4 c5 4.e3 Nc6 5.Nbd2 cxd4 6.exd4 Qb6 7.Nb3 Bg4 8.Be2
e6 9.O-O Be7 10.a4 a6 11.a5 Qd8 12.Ne5 Bxe2 13.Qxe2 O-O 14.Rfd1 Rc8 15.c3 
Nd7 16.Nxd7 Qxd7 17.Rd3 Rfe8 18.Rh3 g6 19.Bh6 Bd6 20.Re3 Ne7 21.g4 Nc6 22.
f4 Qc7 23.Rf1 Qd8 24.Bg5 Be7 25.Bh6 Bf8 26.Bg5 Be7 27.Bh6 1/2-1/2

[Event "14th EUR-ch"]
[Site "Minsk BLR"]
[Date "2017.06.05"]
[Round "6.99"]
[White "Indjic, Aleksandar"]
[Black "Zawadzka, Jolanta"]
[Result "1-0"]
[WhiteElo "2587"]
[BlackElo "2419"]
[EventDate "2017.05.30"]
[PlyCount "117"]

1.d4 d5 2.c4 e6 3.Nf3 Nf6 4.e3 b6 5.Bd3 Bb7 6.O-O Bd6 7.Nbd2 O-O 8.b3 Nbd7
9.Bb2 Ne4 10.Qc2 f5 11.cxd5 exd5 12.Ne5 Qe7 13.f4 Rac8 14.Ndf3 c5 15.Qe2 
Rc7 16.Rfd1 cxd4 17.Nxd7 Qxd7 18.Bxe4 fxe4 19.Nxd4 Rfc8 20.h3 Bc5 21.Kh2 
Bxd4 22.Bxd4 Rc2 23.Rd2 Ba6 24.Qe1 h6 25.Rxc2 Rxc2 26.Rc1 Rxc1 27.Qxc1 Kh7
28.Qa3 Be2 29.Qf8 Bh5 30.Qb8 Qe7 31.b4 Be8 32.a3 Bc6 33.Be5 Qb7 34.Qf8 Qd7
35.f5 d4 36.Bxd4 Qc7+ 37.Kg1 Bd5 38.Qe8 Qc1+ 39.Kh2 Qc7+ 40.Be5 Qf7 41.Qd8
Bc6 42.f6 gxf6 43.Bxf6 h5 44.Bd4 Bd7 45.Qc7 Be6 46.Qe5 Bf5 47.b5 Kh6 48.a4
Bg6 49.Qb8 Qe7 50.a5 bxa5 51.Bxa7 Be8 52.Bd4 a4 53.b6 Bc6 54.Qh8+ Kg6 55.
Qg8+ Kh6 56.g4 hxg4 57.hxg4 Qd6+ 58.Kg2 Qg6 59.Qf8+ 1-0

[Event "14th EUR-ch"]
[Site "Minsk BLR"]
[Date "2017.06.06"]
[Round "7.1"]
[White "Kovalenko, Igor"]
[Black "Matlakov, Maxim"]
[Result "1/2-1/2"]
[WhiteElo "2657"]
[BlackElo "2714"]
[EventDate "2017.05.30"]
[PlyCount "131"]

1.e4 e5 2.Nf3 Nc6 3.Bb5 a6 4.Bxc6 dxc6 5.O-O Bd6 6.d4 exd4 7.Qxd4 f6 8.Be3
Ne7 9.Nbd2 Be6 10.Qc3 Qd7 11.Rfd1 Ng6 12.Nd4 O-O-O 13.N2b3 Bxb3 14.Qxb3 
Bf4 15.Rd2 Bxe3 16.Qxe3 c5 17.Nb3 Qb5 18.Qxc5 Qxc5 19.Rxd8+ Rxd8 20.Nxc5 
Rd4 21.Ne6 Rc4 22.Rc1 Rxe4 23.Nxg7 Nf4 24.Kf1 Nxg2 25.Nh5 Rh4 26.Nxf6 Rxh2
27.Ke2 Rh6 28.Nd5 c6 29.Rg1 Re6+ 30.Ne3 Nxe3 31.fxe3 Kd7 32.Rh1 h6 33.Rh2 
Ke7 34.a4 a5 35.b3 Kd6 36.Rh5 b6 37.Kf3 Rf6+ 38.Ke4 Re6+ 39.Kd4 Ke7 40.e4 
Rd6+ 41.Ke3 Rg6 42.c3 Kd7 43.Rh3 Kd6 44.Kd4 c5+ 45.Kd3 Ke5 46.Ke3 Rg5 47.
Rxh6 Rg3+ 48.Kd2 Kxe4 49.Re6+ Kd5 50.Rxb6 Rg2+ 51.Kd3 Rg3+ 52.Kc2 Rg2+ 53.
Kb1 c4 54.b4 axb4 55.Rxb4 Kc5 56.Rb8 Kc6 57.Rc8+ Kb6 58.Rxc4 Ka5 59.Rd4 
Rh2 60.Kc1 Ra2 61.Rd8 Rxa4 62.Ra8+ Kb5 63.Rxa4 Kxa4 64.Kc2 Kb5 65.Kd3 Kc5 
66.c4 1/2-1/2

[Event "14th EUR-ch"]
[Site "Minsk BLR"]
[Date "2017.06.06"]
[Round "7.2"]
[White "Cheparinov, Ivan"]
[Black "Fridman, Daniel"]
[Result "1/2-1/2"]
[WhiteElo "2688"]
[BlackElo "2605"]
[EventDate "2017.05.30"]
[PlyCount "91"]

1.e4 e5 2.Nf3 Nf6 3.Nxe5 d6 4.Nf3 Nxe4 5.d4 d5 6.Bd3 Nc6 7.O-O Bg4 8.c4 
Nf6 9.Nc3 Be7 10.cxd5 Nxd5 11.Re1 O-O 12.h3 Be6 13.a3 Re8 14.Qc2 h6 15.
Rxe6 fxe6 16.Qe2 Bd6 17.Bg6 Qd7 18.Bxe8 Rxe8 19.Bd2 Nf6 20.Qb5 Nd8 21.Qb3 
Qf7 22.Qa4 a6 23.Re1 Nc6 24.Ne5 Bxe5 25.dxe5 Nd7 26.Qb3 b5 27.Ne4 Ncxe5 
28.Qg3 Nc4 29.Bxh6 Nxb2 30.Re3 Re7 31.Bg5 Nc4 32.Rf3 Qg6 33.Bxe7 Qxe4 34.
Bg5 Nde5 35.Rc3 c5 36.Kh2 Kh7 37.Rc1 Nd3 38.Rc3 Ncb2 39.Bc1 Nxc1 40.Rxc1 
Nd3 41.Rc2 e5 42.Qg5 c4 43.Qh5+ Kg8 44.Qe8+ Kh7 45.Qh5+ Kg8 46.Qe8+ 
1/2-1/2

[Event "14th EUR-ch"]
[Site "Minsk BLR"]
[Date "2017.06.06"]
[Round "7.6"]
[White "Yilmaz, Mustafa"]
[Black "Naiditsch, Arkadij"]
[Result "1/2-1/2"]
[WhiteElo "2630"]
[BlackElo "2700"]
[EventDate "2017.05.30"]
[PlyCount "46"]

1.d4 Nf6 2.c4 e6 3.Nf3 d5 4.Nc3 Nbd7 5.cxd5 exd5 6.Bg5 Be7 7.e3 c6 8.Bd3 
Ne4 9.Bf4 Ndf6 10.Qc2 Bf5 11.Ne5 g6 12.O-O Nd6 13.h3 O-O 14.Rad1 Rc8 15.
Bxf5 Nxf5 16.g4 Ng7 17.Bh6 Nfe8 18.f3 Nd6 19.e4 Re8 20.Qb3 Bg5 21.Bxg5 
Qxg5 22.exd5 Qh4 23.Ne4 cxd5 1/2-1/2

[Event "14th EUR-ch"]
[Site "Minsk BLR"]
[Date "2017.06.06"]
[Round "7.7"]
[White "Rodshtein, Maxim"]
[Black "Salgado Lopez, Ivan"]
[Result "1/2-1/2"]
[WhiteElo "2698"]
[BlackElo "2627"]
[EventDate "2017.05.30"]
[PlyCount "35"]

1.d4 Nf6 2.c4 g6 3.Nc3 d5 4.cxd5 Nxd5 5.e4 Nxc3 6.bxc3 Bg7 7.Qa4+ Qd7 8.
Bb5 c6 9.Bd3 O-O 10.Ne2 c5 11.Qxd7 Bxd7 12.Rb1 b6 13.Be3 Nc6 14.O-O Rfd8 
15.Rfd1 Na5 16.Ba6 Bc8 17.Bb5 Bd7 18.Bxd7 1/2-1/2